| 000 | 00592nam a2200205 u 4500 | ||
|---|---|---|---|
| 005 | 20251205063958.0 | ||
| 008 | 090624s2006 ag r 000 0 spa d | ||
| 020 | _a9875910384 | ||
| 035 | _aUPN01000171439 | ||
| 049 | _aCG | ||
| 050 | 4 |
_aRC552 E1.8 _bY6.2 |
|
| 100 | 1 | _aYosifides, Aris | |
| 245 | 1 | 0 |
_aBulimia y anorexia : _bclínica de los trastornos alimentarios / _cAris Yosifides. |
| 260 |
_aCórdoba, Arg. : _bBrujas, _c2006. |
||
| 300 | _a108 p. | ||
| 650 | 2 |
_aTrastornos de la conducta alimenticia _9383 |
|
| 650 | 2 |
_aAnorexia _94747 |
|
| 650 | 2 |
_aBulimia _99416 |
|
| 905 | _aLibro | ||
| 999 |
_c143544 _d143544 |
||